| 000 | 00556nam a22002177a 4500 | ||
|---|---|---|---|
| 005 | 20260511125227.0 | ||
| 008 | 260511b |||||||| |||| 00| 0 eng d | ||
| 020 |
_a9780443245961 _c8109.90 |
||
| 040 | _aMAIN | ||
| 041 | _aEnglish | ||
| 082 |
_a616.079 _bMAL |
||
| 100 |
_aMale, David _926783 |
||
| 245 | _aImmunology | ||
| 250 | _a10th | ||
| 260 |
_aPhiladelphia _bElsevier _c2026 |
||
| 300 | _a433 | ||
| 650 |
_aEnvironment Science (PM USHA) _926725 |
||
| 700 |
_aPeebles, R. Stokes _926784 |
||
| 700 |
_aMale, Victoria _926785 |
||
| 942 | _cBK | ||
| 999 |
_c60759 _d60759 |
||